| 000 | nam a22 7a 4500 | ||
|---|---|---|---|
| 999 |
_c336610 _d336610 |
||
| 003 | IT-MiCISF | ||
| 005 | 20170411165915.0 | ||
| 008 | 170411b xxu||||| |||| 00| 0 eng d | ||
| 040 | _cIT-MiCISF | ||
| 041 | _ait | ||
| 100 |
_aShakespeare Tom _956385 |
||
| 245 |
_aDisabilità e società _bDiritti, falsi miti, percezioni sociali |
||
| 260 |
_aTrento _bErickson _c2017 |
||
| 300 | _app. 239 | ||
| 500 | _ahandicap, società, politica, bioetica, diagnosi-prenatale, rapporti-sociali, sessualità | ||
| 520 | _aIl volume fornisce un’ampia e aggiornata panoramica delle diverse concezioni maturate nell’ambito dei disability studies e presenta, argomentando con rigore metodologico e allo stesso tempo con un linguaggio chiaro e accessibile, la sua posizione: una visione “relazionale” della disabilità, intesa come il risultato dell’interazione tra fattori individuali e contestuali, fra cui rientrano menomazione, personalità, atteggiamenti individuali, ambiente, politica e cultura. Attraverso la lente della prospettiva socio-relazionale della disabilità, il volume si occupa anche di alcuni aspetti della vita delle persone disabili solitamente meno frequentati, in particolar modo in Italia: l’inizio e il fine vita, il ruolo dell’assistente personale, le relazioni amicali, la sessualità. Il volume si rivela dunque un prezioso strumento per tutti coloro che si interrogano sulla condizione delle persone disabili nella società odierna, senza timore di porsi anche le domande più scomode che riguardano i momenti cruciali dell’esistenza umana. | ||
| 650 |
_ahandicap _956194 |
||
| 654 | _asaggio | ||
| 942 |
_2ddc _cBK |
||